| 000 | 00380cam a22001457a 4500 | ||
|---|---|---|---|
| 008 | 180718b1970 xxu||||| |||| 00| 0 eng d | ||
| 082 | _aA99 F849/L775 | ||
| 100 | _aLloyd, Alan | ||
| 245 |
_aFranco _cby Alan Lloyd |
||
| 260 |
_aLondon _bLongman _c1970 |
||
| 300 | _a256p. | ||
| 500 | _a50/- | ||
| 650 | _aSpain Politics | ||
| 650 | _aFranco, Bahamonde, Generalisimo Francisco 1892 | ||
| 999 |
_c373493 _d373493 |
||